Kế toán phân tích

Salvato in:
Dettagli Bibliografici
Autore principale: Phạm HuyênLâm Bình KiệtLâm Bình Lễ
Natura: Libro
Lingua:Vietnamese
Pubblicazione: Sunshine 1991
Tags: Aggiungi Tag
Nessun Tag, puoi essere il primo ad aggiungerne! !
Thư viện lưu trữ: Mạng thư viện Đại học Đà Nẵng
LEADER 00632nam a2200277 4500
001 000025713
003 1271
005 20150325120000.0
008 150325s vm 000 vie
020 |c 0,0000 
040 |a D4 
100 |a Phạm HuyênLâm Bình KiệtLâm Bình Lễ 
245 |a Kế toán phân tích 
260 |b Sunshine  |c 1991 
300 |a 282tr. ; 
OWN |a LTT 
999 |a From the UDN01 
TYP |a Monograph 
TYP |a Printed language 
980 |a Mạng thư viện Đại học Đà Nẵng